| 000 | 00567nam a2200169 i 4500 | ||
|---|---|---|---|
| 001 | 59482 | ||
| 003 | ES-MaACL | ||
| 005 | 20230906164036.0 | ||
| 007 | t| | ||
| 008 | 031029s1919 fr ||||1| fre d | ||
| 100 | 1 |
_aEisner, Kurt. _946870 |
|
| 245 | 1 | 3 |
_aLa révolution en Baviére _b: (november 1918) : discours et proclamation / _cKurt Eisner ; préface de Jean Longuet. |
| 260 |
_aParís : _b[s.n., _c1919] ( _eVilleneuve-St. Georges : _fImp. d'Union Typographique) |
||
| 300 |
_a94 p. ; _c19 cm. |
||
| 700 | 1 |
_aLonguet, Jean. _973257 |
|
| 852 |
_aES-MaACL _jF-10350 |
||
| 999 |
_c59482 _d59482 |
||